LEADER 01795nas 2200529-a 450 001 9910146323403321 005 20260218111808.0 035 $a(CKB)1000000000436209 035 $a(CONSER)sn-98034757- 035 $a(DE-599)ZDB2238957-X 035 $a(DE-599)2238957-X 035 $a(EXLCZ)991000000000436209 100 $a19910910a19909999 --- - 101 0 $aeng 181 $ctxt$2rdacontent 182 $cc$2rdamedia 183 $acr$2rdacarrier 200 00$aEast Asian economic perspectives 210 $aKitakyushu City, Japan $cInternational Centre for the Study of East Asian Development 215 $a1 online resource 300 $aPublished also in a Japanese language ed., 1990-1996. 311 08$aPrint version: East Asian economic perspectives. 1348-0936 (DLC)sn 98034757 (OCoLC)24353788 517 1 $aEAEP 606 $aWirtschaftslage$2stw 606 $aWirtschaftspolitik$2stw 606 $aOstasien$2stw 606 $aCommerce$2fast$3(OCoLC)fst00869279 606 $aEconomic history$2fast$3(OCoLC)fst00901974 607 $aAsia$xCommerce$vPeriodicals 607 $aAsia$xEconomic conditions$vPeriodicals 607 $aPacific Area$xCommerce$vPeriodicals 607 $aPacific Area$xEconomic conditions$vPeriodicals 607 $aAsia$2fast 607 $aPacific Area$2fast 608 $aPeriodicals.$2fast 615 7$aWirtschaftslage. 615 7$aWirtschaftspolitik. 615 7$aOstasien. 615 7$aCommerce. 615 7$aEconomic history. 712 02$aInternational Centre for the Study of East Asian Development. 712 02$aUniversity of Pennsylvania. 906 $aJOURNAL 912 $a9910146323403321 920 $aexl_impl conversion 996 $aEast Asian economic perspectives$91987745 997 $aUNINA